Statystyki dla Nazwij pasujące państwo europejskie #2

Kliknij tutaj aby rozwiązać quiz!

Ogólne statystyki

  • Ten quiz został rozwiązany 588 razy
    (533 od ostatniego zresetowania)
  • Średni wynik to 11 z 15

Statystyki odpowiedzi

KryteriumPaństwo% Poprawnych
Ma więcej niż 60mln mieszkańcówNiemcy | Rosja | Francja | Wielka Brytania | Włochy
99%
Jego nazwa składa się z przynajmniej 10 literBośnia i Hercegowina | Czarnogóra | Liechtenstein | Luksemburg | Macedonia Północna | Portugalia | Szwajcaria | Wielka Brytania
95%
Obowiązuje w nim ruch lewostronnyWielka Brytania | Irlandia | Malta
95%
Ma dostęp do Morza CzarnegoRosja | Ukraina | Rumunia | Bułgaria
93%
Na jego terenie znajduje się przynajmniej jedno jezioro o powierzchni większej niż 1000km²Rosja | Szwecja | Finlandia | Estonia
91%
Wygrało Eurowizję co najmniej 5 razyFrancja | Holandia | Irlandia | Szwecja | Wielka Brytania | Luksemburg
87%
Jest członkiem Unii Europejskiej, ale nie jest członkiem NATOIrlandia | Szwecja | Finlandia | Austria | Malta
77%
Jest jednym z trzech państw o najwyższym wskaźniku PKB per capitaMonako | Liechtenstein | Luksemburg
72%
Przechodzi przez nie równoleżnik 40°NGrecja | Włochy | Hiszpania | Portugalia | Albania
63%
Posiada przynajmniej jedną restaurację Tim HortonsWielka Brytania | Hiszpania
60%
Jego nazwa zawiera więcej samogłosek niż spółgłosekAustria | Albania | Dania | Estonia | Rumunia | Ukraina
57%
Ma dwucyfrowy numer kierunkowy zaczynający się od +3Francja | Włochy | Hiszpania | Grecja | Węgry | Belgia | Holandia
54%
Słowo "Polska" nie zaczyna się w jego języku urzędowym na literę PLitwa | Węgry
49%
Jego drugie największe miasto zaczyna się na literę GAustria | Szwajcaria | Szwecja
44%
Ma wielkość powierzchni większą niż 20 tys. km², ale mniejszą niż 30 tys. km²Słowenia | Albania | Macedonia Północna
38%

Rozkład punktacji

Percentyl według liczby udzielonych odpowiedzi

Procent ludzi z każdym wynikiem

Twoja historia wyników

Nie rozwiązałeś tego quizu od ostatniego zresetowania